International construction contract management (Record no. 104278)

MARC details
000 -LEADER
fixed length control field 00804cam a2200241 4500
001 - CONTROL NUMBER
control field L129794
008 - FIXED-LENGTH DATA ELEMENTS--GENERAL INFORMATION
fixed length control field 050520n2005 000 0 eng u
020 ## - INTERNATIONAL STANDARD BOOK NUMBER
International Standard Book Number 1859461697 (RIBA Enterprises)
-- 0566086972 (Gower)
035 ## - SYSTEM CONTROL NUMBER
System control number (Sirsi) u129794
041 ## - LANGUAGE CODE
Language code of text/sound track or separate title eng
050 ## - LIBRARY OF CONGRESS CALL NUMBER
Classification number 692.8
100 ## - MAIN ENTRY--PERSONAL NAME
Personal name Morgan, D.Bryan
245 ## - TITLE STATEMENT
Title International construction contract management
260 ## - PUBLICATION, DISTRIBUTION, ETC.
Place of publication, distribution, etc. London
Name of publisher, distributor, etc. RIBA Enterprises
Date of publication, distribution, etc. 2005
300 ## - PHYSICAL DESCRIPTION
Extent 322p.
Dimensions 25cm.
350 ## - PRICE (NR) (BK AM CF MU VM SE) [OBSOLETE]
Price 45.00
520 ## - SUMMARY, ETC.
Summary, etc. An a to z reference guide for construction professionals working on overseas projects. Provides current interpretation under common law, civil code rules, and trade and industry practices.
590 ## - LOCAL NOTE (RLIN)
Local note IKA270905
690 ## - LOCAL SUBJECT ADDED ENTRY--TOPICAL TERM (OCLC, RLIN)
Topical term or geographic name as entry element BUILT ENVIRONMENT-BUILDING CONTRACT FORMS
942 ## - ADDED ENTRY ELEMENTS (KOHA)
Suppress in OPAC 0
Holdings
Withdrawn status Lost status Source of classification or shelving scheme Damaged status Not for loan Home library Current library Shelving location Date acquired Cost, normal purchase price Total Checkouts Full call number Barcode Date last seen Date last checked out Copy number Cost, replacement price Price effective from Koha item type
    Dewey Decimal Classification     London London Books 27/09/2005 38.25 19 692.8 MOR 30063485 06/08/2019 05/03/2008 1 38.25 06/08/2019 Book